[Event "Bassano del Grappa Spring op 1st"]
[Site "Bassano del Grappa"]
[Date "2021.03.12"]
[Round "1"]
[White "Cagnotto, Marco"]
[Black "Lumachi, Gabriele"]
[Result "0-1"]
[WhiteElo "1930"]
[BlackElo "2316"]
[PlyCount "44"]
[EventDate "2021.03.12"]
[EventType "swiss"]
[EventRounds "5"]
[EventCountry "ITA"]
[SourceTitle "CBM 201 Extra"]
[Source "ChessBase"]
[SourceDate "2021.05.31"]
[SourceVersion "1"]
[SourceVersionDate "2021.05.31"]
[SourceQuality "1"]

1. e4 c5 2. Nc3 d6 3. d4 cxd4 4. Qxd4 Nc6 5. Qd2 g6 6. b3 Bh6 7. f4 Nf6 8. Bb2 0-0 9. 0-0-0 e5 10. g3 Re8 11. Qxd6 Bg4 12. Qxd8 Raxd8 13. Rxd8 Rxd8 14. h3 Be6 15. Nf3 Nh5 16. Ng5 Nxg3 17. Nxe6 fxe6 18. Rg1 exf4 19. Bc4 Kf7 20. Kb1 Ne5 21. Bc1 Nxc4 22. bxc4 g5 0-1

[Event "Imola op 3rd"]
[Site "Imola"]
[Date "2020.12.06"]
[Round "3"]
[White "Ballotti, Luca"]
[Black "Cagnotto, Marco"]
[Result "1/2-1/2"]
[WhiteElo "2066"]
[BlackElo "1926"]
[PlyCount "62"]
[EventDate "2020.12.05"]
[EventType "swiss"]
[EventRounds "6"]
[EventCountry "ITA"]
[SourceTitle "CBM 199 Extra"]
[Source "ChessBase"]
[SourceDate "2021.01.31"]
[SourceVersion "1"]
[SourceVersionDate "2021.01.31"]
[SourceQuality "1"]

1. e4 c5 2. Nf3 Nc6 3. Bb5 g6 4. Bxc6 dxc6 5. d3 Bg7 6. h3 Nf6 7. Nc3 Nd7 8. Be3 e5 9. 0-0 b6 10. Nh2 Nf8 11. f4 exf4 12. Bxf4 Ne6 13. Be3 Nd4 14. Qd2 h6 15. a4 a5 16. Rae1 Be6 17. Nf3 g5 18. Nh2 Qe7 19. Ne2 Nxe2+ 20. Rxe2 0-0-0 21. Ref2 Be5 22. Qe2 h5 23. Nf3 Bg3 24. Bxg5 f6 25. Bh4 Bxf2+ 26. Qxf2 Rdg8 27. Kh2 Qc7+ 28. Bg3 Qd7 29. Nh4 Rh7 30. Qxf6 Rhg7 31. Rf3 Kb7 1/2-1/2

[Event "Lignano Sabbiadoro op 6th"]
[Site "Lignano Sabbiadoro"]
[Date "2020.08.01"]
[Round "1"]
[White "Lumachi, Gabriele"]
[Black "Cagnotto, Marco"]
[Result "1-0"]
[WhiteElo "2306"]
[BlackElo "2054"]
[PlyCount "59"]
[EventDate "2020.08.01"]
[EventType "swiss"]
[EventRounds "9"]
[EventCountry "ITA"]
[SourceTitle "EXT 2021"]
[Source "ChessBase"]
[SourceDate "2020.10.23"]
[SourceVersion "1"]
[SourceVersionDate "2020.10.23"]
[SourceQuality "1"]

1. d4 d5 2. c4 e6 3. Nc3 Nf6 4. cxd5 exd5 5. Bg5 c6 6. Qc2 Be7 7. e3 Nbd7 8. Bd3 0-0 9. Nf3 Re8 10. Bf4 Nf8 11. h3 Ng6 12. Bh2 Bd6 13. Bxd6 Qxd6 14. 0-0-0 Qe7 15. g4 b5 16. Rhg1 Rb8 17. g5 Ne4 18. h4 b4 19. Na4 Bd7 20. h5 Nf8 21. Bxe4 Qxe4 22. Qxe4 dxe4 23. Ne5 Be6 24. b3 Bd5 25. Kb2 Re7 26. Rc1 Rxe5 27. dxe5 Nd7 28. Nc5 Nxe5 29. Rgd1 Nf3 30. Na6 1-0

[Event "ITA-ch U16"]
[Site "Montesilvano"]
[Date "2015.06.30"]
[Round "2.5"]
[White "Cagnotto, Marco"]
[Black "Palozza, Christian"]
[Result "0-1"]
[WhiteElo "1648"]
[BlackElo "1971"]
[PlyCount "102"]
[EventDate "2015.06.29"]
[EventType "swiss"]
[EventRounds "9"]
[EventCountry "ITA"]
[SourceTitle "EXT 2024"]
[Source "ChessBase"]
[SourceDate "2023.10.10"]
[SourceVersion "1"]
[SourceVersionDate "2023.10.10"]
[SourceQuality "1"]

1. e4 c6 2. d4 d5 3. exd5 cxd5 4. c4 Nf6 5. Nc3 g6 6. Nf3 Bg7 7. cxd5 0-0 8. Bd3 Nxd5 9. 0-0 Bg4 10. Be4 Nxc3 11. bxc3 Qc7 12. Bd2 Nc6 13. h3 Bxf3 14. Qxf3 Rac8 15. Rfe1 e6 16. Rab1 Qd7 17. Re2 b6 18. Rd1 Na5 19. Bd3 Qa4 20. Ra1 Nc4 21. Bxc4 Qxc4 22. Be1 Rfd8 23. Rb1 Bf8 24. Qe3 Rd5 25. f4 b5 26. Reb2 a5 27. Qe2 Qxe2 28. Rxe2 Ba3 29. Re5 Rxe5 30. fxe5 Rb8 31. Kf1 Kf8 32. Ke2 Ke7 33. Bd2 f6 34. Bf4 fxe5 35. Bxe5 Bd6 36. Bxd6+ Kxd6 37. a3 e5 38. Kd3 exd4 39. Kxd4 Kc6 40. Rf1 Rd8+ 41. Ke3 Rd7 42. Rf8 Kd5 43. Rb8 Kc4 44. Rc8+ Kb3 45. Rc5 Rb7 46. c4 bxc4 47. Kd4 Rd7+ 48. Ke3 c3 49. Rb5+ Kxa3 50. Rxa5+ Kb4 51. Ra8 c2 0-1

[Event "Milan Palladino Memorial-B 7th"]
[Site "Milan"]
[Date "2015.04.05"]
[Round "5"]
[White "Cagnotto, Marco"]
[Black "Russo, Luca"]
[Result "1/2-1/2"]
[WhiteElo "1673"]
[BlackElo "1609"]
[PlyCount "48"]
[EventDate "2015.04.02"]
[EventType "swiss"]
[EventRounds "7"]
[EventCountry "ITA"]
[SourceTitle "EXT 2017"]
[Source "ChessBase"]
[SourceDate "2016.10.25"]
[SourceVersion "1"]
[SourceVersionDate "2016.10.25"]
[SourceQuality "1"]

1. e4 e6 2. d4 d5 3. e5 c5 4. c3 Qb6 5. Nf3 Bd7 6. Be2 Bb5 7. Bxb5+ Qxb5 8. Na3 Qa6 9. Nc2 Nc6 10. dxc5 Bxc5 11. b4 Bf8 12. Bd2 g6 13. Ncd4 Nxd4 14. cxd4 Bg7 15. Qe2 Qxe2+ 16. Kxe2 Rc8 17. Rac1 Rxc1 18. Rxc1 Kd7 19. Ng5 Nh6 20. f4 f6 21. Nf3 Nf7 22. exf6 Bxf6 23. Ne5+ Nxe5 24. fxe5 Be7 1/2-1/2

[Event "Milan Palladino Memorial-B 7th"]
[Site "Milan"]
[Date "2015.04.04"]
[Round "3"]
[White "Cagnotto, Marco"]
[Black "Bonghi, Fabrizio"]
[Result "1-0"]
[WhiteElo "1673"]
[BlackElo "1498"]
[PlyCount "83"]
[EventDate "2015.04.02"]
[EventType "swiss"]
[EventRounds "7"]
[EventCountry "ITA"]
[SourceTitle "EXT 2017"]
[Source "ChessBase"]
[SourceDate "2016.10.25"]
[SourceVersion "1"]
[SourceVersionDate "2016.10.25"]
[SourceQuality "1"]

1. e4 e6 2. d4 d5 3. e5 c5 4. c3 Nc6 5. Nf3 Qb6 6. Be2 cxd4 7. cxd4 Bb4+ 8. Bd2 Nge7 9. Bxb4 Qxb4+ 10. Qd2 Qxd2+ 11. Nbxd2 Nf5 12. Nb3 0-0 13. 0-0 f6 14. Bb5 fxe5 15. Bxc6 bxc6 16. dxe5 Bd7 17. Rac1 Rfc8 18. Rc2 Rc7 19. Rfc1 Rac8 20. Nc5 Ne7 21. Nd4 Ng6 22. Nxd7 Rxd7 23. Rxc6 Rxc6 24. Rxc6 Nxe5 25. Rxe6 Rc7 26. g3 Rc1+ 27. Kg2 Nd3 28. b3 Ra1 29. Ra6 g5 30. Rxa7 Rd1 31. Ne6 Ne1+ 32. Kh3 d4 33. Rg7+ Kh8 34. Rd7 h6 35. Rxd4 Nd3 36. Kg2 Rd2 37. Kf3 Ne1+ 38. Ke3 Rxa2 39. Rd2 Ng2+ 40. Ke2 Ra6 41. Nd4 Ra1 42. Rd1 1-0

[Event "Milan Carnevale op-B 6th"]
[Site "Milan"]
[Date "2015.02.18"]
[Round "1"]
[White "Cagnotto, Marco"]
[Black "Pipitone, Filippo Massimo"]
[Result "1-0"]
[WhiteElo "1686"]
[BlackElo "1545"]
[PlyCount "57"]
[EventDate "2015.02.18"]
[EventType "swiss"]
[EventRounds "6"]
[EventCountry "ITA"]
[SourceTitle "EXT 2017"]
[Source "ChessBase"]
[SourceDate "2016.10.25"]
[SourceVersion "1"]
[SourceVersionDate "2016.10.25"]
[SourceQuality "1"]

1. e4 c5 2. Nc3 Nc6 3. g3 g6 4. Bg2 Bg7 5. Nge2 d6 6. d3 e6 7. 0-0 Nge7 8. Bg5 h6 9. Bd2 0-0 10. Qc1 Kh7 11. f4 f5 12. h4 Rb8 13. Bf3 h5 14. Kg2 Ng8 15. Ng1 Nd4 16. Nce2 Nxf3 17. Nxf3 b5 18. Bc3 Nf6 19. Ng5+ Kg8 20. b4 cxb4 21. Bxb4 Ng4 22. e5 dxe5 23. Bxf8 Qd5+ 24. Nf3 Bxf8 25. fxe5 Kf7 26. d4 Qe4 27. Qe1 Ne3+ 28. Kg1 Nxf1 29. Ng5+ 1-0

[Event "Milan Crespi op-B 35th"]
[Site "Milan"]
[Date "2014.12.08"]
[Round "6"]
[White "Pandini, Giuseppe"]
[Black "Cagnotto, Marco"]
[Result "1-0"]
[WhiteElo "1712"]
[BlackElo "1560"]
[PlyCount "59"]
[EventDate "2014.12.04"]
[EventType "swiss"]
[EventRounds "7"]
[EventCountry "ITA"]
[SourceTitle "EXT 2017"]
[Source "ChessBase"]
[SourceDate "2016.10.25"]
[SourceVersion "1"]
[SourceVersionDate "2016.10.25"]
[SourceQuality "1"]

1. f4 Nf6 2. Nf3 g6 3. e3 Bg7 4. d4 d6 5. Bd3 0-0 6. 0-0 c5 7. c3 Nc6 8. Nbd2 Nd5 9. Ne4 cxd4 10. exd4 e5 11. fxe5 dxe5 12. dxe5 Nxe5 13. Nxe5 Bxe5 14. Qf3 Bf5 15. Bh6 Qh4 16. Ng3 Bxd3 17. Bxf8 Bxf1 18. Qxd5 Bxg3 19. hxg3 Qxg3 20. Bd6 Qd3 21. Qxb7 Rd8 22. Rxf1 Qxd6 23. Qxf7+ Kh8 24. Qxa7 Qd2 25. Qf2 Qd6 26. Qf6+ Qxf6 27. Rxf6 Rd1+ 28. Rf1 Rd2 29. Rf2 Rd1+ 30. Kh2 1-0

[Event "Varese op 13th"]
[Site "Varese"]
[Date "2014.10.10"]
[Round "1"]
[White "Cagnotto, Marco"]
[Black "Tomassoni, Leonardo"]
[Result "0-1"]
[WhiteElo "1529"]
[BlackElo "1796"]
[PlyCount "80"]
[EventDate "2014.10.10"]
[EventType "swiss"]
[EventRounds "5"]
[EventCountry "ITA"]
[SourceTitle "EXT 2016"]
[Source "ChessBase"]
[SourceDate "2015.10.08"]
[SourceVersion "1"]
[SourceVersionDate "2015.10.08"]
[SourceQuality "1"]

1. e4 c5 2. Nc3 Nc6 3. g3 Nf6 4. Bg2 d6 5. Nge2 e5 6. d3 Be7 7. 0-0 Bg4 8. h3 Be6 9. f4 exf4 10. Nxf4 0-0 11. Nxe6 fxe6 12. Bd2 Rb8 13. a4 a6 14. Ne2 e5 15. Nc3 Nb4 16. Na2 Nxa2 17. Rxa2 Qe8 18. Bf3 Qg6 19. Kh2 Nd7 20. Ra1 Nf6 21. Qe2 Qe8 22. c3 b5 23. axb5 Qxb5 24. Bc1 a5 25. Qc2 Nxe4 26. c4 Qb3 27. Qxb3 Rxb3 28. dxe4 Rbxf3 29. Rxf3 Rxf3 30. Rxa5 Rf1 31. Ra1 Re1 32. b3 Rxe4 33. Ba3 Rd4 34. Rb1 Rd3 35. Kg2 Bf6 36. Rb2 Kf7 37. Kf2 e4 38. Rb1 Be5 39. Ke2 Rxg3 40. Rf1+ Ke6 0-1

[Event "Milan Befana op-B"]
[Site "Milan"]
[Date "2014.01.05"]
[Round "5"]
[White "Cagnotto, Marco"]
[Black "Alidosi, Marco"]
[Result "1/2-1/2"]
[WhiteElo "1514"]
[BlackElo "1775"]
[PlyCount "76"]
[EventDate "2014.01.02"]
[EventType "swiss"]
[EventRounds "7"]
[EventCountry "ITA"]
[SourceTitle "EXT 2015"]
[Source "ChessBase"]
[SourceDate "2014.11.20"]
[SourceVersion "1"]
[SourceVersionDate "2014.11.20"]
[SourceQuality "1"]

1. e4 c5 2. Nc3 Nc6 3. g3 g6 4. Bg2 Bg7 5. d3 d6 6. Nge2 Nf6 7. 0-0 0-0 8. h3 Rb8 9. a4 a6 10. Be3 b5 11. axb5 axb5 12. Qd2 e5 13. Bh6 Be6 14. Bxg7 Kxg7 15. f4 b4 16. Na4 Bd7 17. b3 Qc7 18. f5 Nd4 19. Nxd4 cxd4 20. fxg6 fxg6 21. Nb2 Be6 22. Nc4 Bxc4 23. bxc4 Rb6 24. Ra4 b3 25. cxb3 Rxb3 26. Rfa1 Rfb8 27. Ra7 R8b7 28. Qc2 Rxa7 29. Rxa7 Qxa7 30. Qxb3 Qa1+ 31. Kh2 Qc3 32. Qd1 Nd7 33. Qb1 Nc5 34. Qb6 Nxd3 35. Qc7+ Kh6 36. Qxd6 Qb4 37. Qf6 Qc5 38. g4 Ne1 1/2-1/2

[Event "Milan Befana op-B"]
[Site "Milan"]
[Date "2014.01.05"]
[Round "4"]
[White "Lavorgna, Filippo"]
[Black "Cagnotto, Marco"]
[Result "1/2-1/2"]
[WhiteElo "1725"]
[BlackElo "1514"]
[PlyCount "114"]
[EventDate "2014.01.02"]
[EventType "swiss"]
[EventRounds "7"]
[EventCountry "ITA"]
[SourceTitle "EXT 2015"]
[Source "ChessBase"]
[SourceDate "2014.11.20"]
[SourceVersion "1"]
[SourceVersionDate "2014.11.20"]
[SourceQuality "1"]

1. d4 Nf6 2. c4 g6 3. Nc3 Bg7 4. e4 d6 5. f3 0-0 6. Be3 e5 7. d5 c6 8. Qd2 c5 9. Bd3 Na6 10. Nge2 Nb4 11. Bb1 Na6 12. 0-0 Bd7 13. a3 Nc7 14. Bd3 a6 15. b4 b6 16. Rfb1 Qe7 17. Rb3 a5 18. bxa5 bxa5 19. Rab1 Rfc8 20. Kf2 Qf8 21. Qb2 Nfe8 22. Rb6 f5 23. Kg1 Bh6 24. Bf2 f4 25. Qc2 g5 26. h3 Bg7 27. Nc1 a4 28. Be2 Ra7 29. Nd3 Rca8 30. Rb8 Bf6 31. Qb2 Bd8 32. Rxa8 Rxa8 33. Bd1 Nf6 34. Qa2 Ra6 35. Rb8 Qe8 36. Nb2 Kf7 37. Bxa4 Bxa4 38. Nbxa4 Ke7 39. Qc2 Nd7 40. Rb1 Na8 41. Nb5 Nc7 42. Nac3 Nxb5 43. Nxb5 Nb6 44. Kf1 Ra4 45. Qb3 Rxc4 46. Na7 Bc7 47. Nc6+ Kf7 48. Be1 Qc8 49. Qb5 Rc2 50. Qd3 Nc4 51. Bf2 Nd2+ 52. Kg1 Nxb1 53. Qxc2 Nxa3 54. Qb3 Qa6 55. Kh2 Nb5 56. Qc4 Qb6 57. Qa4 Nd4 1/2-1/2

[Event "Milan Befana op-B"]
[Site "Milan"]
[Date "2014.01.03"]
[Round "2"]
[White "Colica, Daniele"]
[Black "Cagnotto, Marco"]
[Result "1/2-1/2"]
[WhiteElo "1698"]
[BlackElo "1514"]
[PlyCount "85"]
[EventDate "2014.01.02"]
[EventType "swiss"]
[EventRounds "7"]
[EventCountry "ITA"]
[SourceTitle "EXT 2015"]
[Source "ChessBase"]
[SourceDate "2014.11.20"]
[SourceVersion "1"]
[SourceVersionDate "2014.11.20"]
[SourceQuality "1"]

1. Nf3 Nf6 2. b3 g6 3. Bb2 Bg7 4. e3 d6 5. d4 0-0 6. Nbd2 Bf5 7. Be2 c5 8. 0-0 Nc6 9. Nh4 Be6 10. c4 Bd7 11. f4 e6 12. g3 cxd4 13. exd4 d5 14. c5 Ne4 15. Nhf3 Ne7 16. Qc2 Nxd2 17. Qxd2 Nc6 18. b4 a6 19. a4 Na7 20. Ra3 Qe8 21. Rfa1 Nc8 22. Bd3 Ne7 23. Qe2 Nf5 24. b5 axb5 25. axb5 Rxa3 26. Rxa3 Qe7 27. Ra7 Nxd4 28. Nxd4 Qxc5 29. Rxb7 Bxd4+ 30. Kg2 Bxb2 31. Qxb2 Rd8 32. Qe5 Qc1 33. Qd6 Qd2+ 34. Kh3 Qxd3 35. Rxd7 Rxd7 36. Qxd7 Qf5+ 37. g4 Qd3+ 38. Kh4 Qb3 39. Qd8+ Kg7 40. Qb6 Qb4 41. Qb8 Qe1+ 42. Kh3 Qe3+ 43. Kg2 1/2-1/2

[Event "Milan Crespi op-B 34th"]
[Site "Milan"]
[Date "2013.12.07"]
[Round "4"]
[White "Cagnotto, Marco"]
[Black "Paletta, Giuseppe"]
[Result "0-1"]
[WhiteElo "1494"]
[BlackElo "1705"]
[PlyCount "58"]
[EventDate "2013.12.04"]
[EventType "swiss"]
[EventRounds "7"]
[EventCountry "ITA"]
[SourceTitle "EXT 2015"]
[Source "ChessBase"]
[SourceDate "2014.11.20"]
[SourceVersion "1"]
[SourceVersionDate "2014.11.20"]
[SourceQuality "1"]

1. e4 c5 2. Nc3 d6 3. g3 Nf6 4. Bg2 Nc6 5. Nge2 e5 6. d3 Be7 7. 0-0 Be6 8. h3 0-0 9. f4 Nd4 10. Nxd4 cxd4 11. Ne2 Qc7 12. f5 Bd7 13. c3 dxc3 14. Nxc3 Bc6 15. g4 Rfd8 16. Bd2 Qb6+ 17. Rf2 Qxb2 18. Nd5 Bxd5 19. Ba5 Qd4 20. Bxd8 Bxd8 21. exd5 Bb6 22. Qe1 Rc8 23. Kf1 Qxf2+ 24. Qxf2 Bxf2 25. Kxf2 Rc2+ 26. Kg3 Kf8 27. Kf3 b6 28. Kg3 Rc3 29. Rd1 Nd7 0-1

[Event "Lombardia Region-ch"]
[Site "Saronno"]
[Date "2013.05.26"]
[Round "5"]
[White "Squillante, Michele"]
[Black "Cagnotto, Marco"]
[Result "0-1"]
[WhiteElo "1739"]
[BlackElo "1487"]
[PlyCount "75"]
[EventDate "2013.05.24"]
[EventType "swiss"]
[EventRounds "5"]
[EventCountry "ITA"]
[SourceTitle "EXT 2015"]
[Source "ChessBase"]
[SourceDate "2014.11.20"]
[SourceVersion "1"]
[SourceVersionDate "2014.11.20"]
[SourceQuality "1"]

1. d4 Nf6 2. Nf3 g6 3. Bg5 Bg7 4. Nbd2 0-0 5. c3 d6 6. e4 c5 7. dxc5 dxc5 8. Be2 Nc6 9. 0-0 Bg4 10. h3 Bxf3 11. Bxf6 Bxe2 12. Bxe7 Bxd1 13. Bxd8 Raxd8 14. Rfxd1 Ne5 15. Nb3 b6 16. Kf1 Nc6 17. Ke2 Rxd1 18. Rxd1 Rd8 19. Nd2 Bh6 20. Nc4 Rxd1 21. Kxd1 Bf8 22. f4 f6 23. Ne3 Ne7 24. Nd5 Nxd5 25. exd5 Kf7 26. c4 Bd6 27. g3 g5 28. fxg5 f5 29. g4 fxg4 30. hxg4 Kg6 31. Ke2 Kxg5 32. Kf3 h6 33. b3 a5 34. a3 Bc7 35. b4 axb4 36. axb4 cxb4 37. d6 Bxd6 38. c5 0-1

[Event "Milan Province-ch"]
[Site "Milan"]
[Date "2013.01.27"]
[Round "5"]
[White "Cagnotto, Marco"]
[Black "Pipitone, Filippo Massimo"]
[Result "1/2-1/2"]
[WhiteElo "1434"]
[BlackElo "1560"]
[PlyCount "41"]
[EventDate "2013.01.24"]
[EventType "swiss"]
[EventRounds "6"]
[EventCountry "ITA"]
[SourceTitle "EXT 2014"]
[Source "ChessBase"]
[SourceDate "2013.11.20"]
[SourceVersion "1"]
[SourceVersionDate "2013.11.20"]
[SourceQuality "1"]

1. e4 c5 2. Nc3 e6 3. g3 Nc6 4. Bg2 d6 5. Nge2 g6 6. 0-0 Bg7 7. d3 Nge7 8. Be3 0-0 9. Qd2 a6 10. Bh6 Rb8 11. Bxg7 Kxg7 12. Nd1 e5 13. Ne3 Be6 14. c3 f5 15. exf5 Nxf5 16. Nxf5+ Bxf5 17. Be4 Bh3 18. Bg2 Bf5 19. Be4 Bh3 20. Bg2 Bf5 21. Be4 1/2-1/2

[Event "Milan Province-ch"]
[Site "Milan"]
[Date "2013.01.25"]
[Round "2"]
[White "Cagnotto, Marco"]
[Black "Marchesotti, Giovanni"]
[Result "1/2-1/2"]
[WhiteElo "1434"]
[BlackElo "1565"]
[PlyCount "47"]
[EventDate "2013.01.24"]
[EventType "swiss"]
[EventRounds "6"]
[EventCountry "ITA"]
[SourceTitle "EXT 2014"]
[Source "ChessBase"]
[SourceDate "2013.11.20"]
[SourceVersion "1"]
[SourceVersionDate "2013.11.20"]
[SourceQuality "1"]

1. e4 d6 2. d4 g6 3. Nf3 Bg7 4. Bc4 Nf6 5. Nc3 0-0 6. 0-0 Nc6 7. Be3 e5 8. dxe5 Nxe5 9. Nxe5 dxe5 10. Qxd8 Rxd8 11. Rad1 Bd7 12. Rd2 Bc6 13. f3 Rxd2 14. Bxd2 Rd8 15. Rd1 b6 16. Kf2 Bf8 17. Ke2 Be7 18. Be3 Rxd1 19. Kxd1 Kg7 20. Kd2 Nd7 21. Bd5 Bxd5 22. Nxd5 Bd6 23. Bg5 f6 24. Be3 1/2-1/2

[Event "Milan Crespi op-C 33rd"]
[Site "Milan"]
[Date "2012.12.05"]
[Round "1"]
[White "Conta, Diego"]
[Black "Cagnotto, Marco"]
[Result "1-0"]
[WhiteElo "1656"]
[BlackElo "1362"]
[PlyCount "35"]
[EventDate "2012.12.05"]
[EventType "swiss"]
[EventRounds "7"]
[EventCountry "ITA"]
[SourceTitle "EXT 2024"]
[Source "ChessBase"]
[SourceDate "2023.10.10"]
[SourceVersion "1"]
[SourceVersionDate "2023.10.10"]
[SourceQuality "1"]

1. e4 c5 2. Nf3 Nc6 3. d4 cxd4 4. Nxd4 g6 5. c4 Bg7 6. Nxc6 bxc6 7. Nd2 c5 8. Be2 d6 9. 0-0 Nf6 10. Bf3 0-0 11. e5 Rb8 12. exf6 Bxf6 13. Rb1 Qa5 14. a3 Bf5 15. Ne4 Bg7 16. Bd2 Qa6 17. Qc1 Qb7 18. Nf6+ 1-0